Finish the Famous TV Theme III Quiz Stats

 Plays Quiz Updated Aug 23, 2019

Score 0/28 Timer 06:00
2 Plays Today
% Correct
Call
94.5%
Be
94.4%
One
94.3%
Come
94.3%
Ago
94.2%
Later
93.8%
Understands
93.7%
While
92.8%
Book
92.1%
Tacky
92%
Machine
92%
Will
91.8%
Insane
91.1%
Life
90.7%
% Correct
Stir
90.5%
How
90%
USA
89.3%
Me
88.7%
Friend
88.6%
TV
88.4%
Love
88.2%
Course
87.2%
Queens
86%
Ride
84.3%
Fortune
83.8%
Impossible
83.4%
Crew
82.4%
Free
55.8%

You're not logged in!

Compare scores with friends on all Sporcle quizzes.
OR
Log In

Sporcle TV

Today on Sporcle TV


Watch our educational content, quiz creation guides, and fun videos on Sporcle TV.

Show Comments

Extras

Top Quizzes Today


Score Distribution

Your Account Isn't Verified!

In order to create a playlist on Sporcle, you need to verify the email address you used during registration. Go to your Sporcle Settings to finish the process.

Report this User

Report this user for behavior that violates our Community Guidelines.

Details: